000 00512nam a22001937a 4500
003 MPLRDC
005 20220104144133.0
008 210129b ||||| |||| 00| 0 eng d
020 _a7-213-02343-8
082 _a541.96 BECK
100 _a薛晓源 主编
245 _a自由与资本主义
_c
250 _a一版一刷
260 _a
_b浙江人民出版社
_c2001
300 _b
490 _a当代西方学术对话译丛
650 _a社会制度--资本主义社会
942 _cBK
_o541.96 BECK
999 _c46725
_d46715